000 01187 a2200193 4500
003 Nust
005 20170207171638.0
040 _cNust
082 _a050
100 _aCommand and Staff College (Quetta, Pakistan)
245 _aThe Citadel :
_bprofessional magazine of the Command and Staff College - No. 2/2005
_hCommand and Staff College (Quetta, Pakistan)
260 _aQuetta,Pakistan
_bComdt and Staff Press Quetta
_c2005
300 _a140p.:
490 _aVol. XXIII
505 _aLetter (Page-4)Grass Root Integrated Mechenisation A Thought by Lt Col Fida Hussain Malik (Page-13) Command Philosophy For Battle Focused Excellence by Lt Col Gularaiz Afzal Khan (Page-19) Pivot corps-the Conceptual Contours by Lt Col Waqar Hasan Khan(Page-25) GIS on Modern Battlefield by Major Shahid Amir Afsae (Page-35) Low Intensity Conflict A Conceptual Framework by Col Afrasiab (Page-51) Clausewitz on War: An Interpretation by Mr. Hayatullah Khan KHattak (Page-65) War, Warfare and War-Fighting : Reflections for the 21st Century (Page-78)
538 _aAlmirah No.137 Shelf No.6
650 _aPakistan. -- Army -- Periodicals
651 _aPakistan -- Military policy -- Periodicals.
942 _cMAGS
999 _c218013
_d218013